|
|
|
|
| LEADER |
01445nam a2200397Ia 4500 |
| 001 |
EBC957110 |
| 003 |
MiAaPQ |
| 005 |
20200520144314.0 |
| 006 |
m o d | |
| 007 |
cr cn||||||||| |
| 008 |
110909s2012 enka sb 001 0 eng d |
| 010 |
|
|
|z 2011037809
|
| 020 |
|
|
|z 9780203124536
|
| 020 |
|
|
|z 9780415690744
|
| 020 |
|
|
|z 9780415690751
|
| 020 |
|
|
|z 9781136445477
|
| 035 |
|
|
|a (MiAaPQ)EBC957110
|
| 035 |
|
|
|a (Au-PeEL)EBL957110
|
| 035 |
|
|
|a (CaPaEBR)ebr10551365
|
| 035 |
|
|
|a (CaONFJC)MIL761314
|
| 035 |
|
|
|a (OCoLC)798532727
|
| 040 |
|
|
|a MiAaPQ
|c MiAaPQ
|d MiAaPQ
|
| 050 |
|
4 |
|a HF5718
|b .R534 2012
|
| 082 |
0 |
4 |
|a 658.4/5
|2 23
|
| 100 |
1 |
|
|a Riel, C. B. M. van.
|
| 245 |
1 |
4 |
|a The alignment factor
|h [electronic resource] :
|b leveraging the power of total stakeholder support /
|c Cees B.M. van Riel.
|
| 260 |
|
|
|a Abingdon, Oxon ;
|a New York, NY :
|b Routledge,
|c 2012.
|
| 300 |
|
|
|a xviii, 238 p. :
|b ill.
|
| 504 |
|
|
|a Includes bibliographical references and index.
|
| 533 |
|
|
|a Electronic reproduction. Ann Arbor, MI : ProQuest, 2015. Available via World Wide Web. Access may be limited to ProQuest affiliated libraries.
|
| 650 |
|
0 |
|a Business communication.
|
| 650 |
|
0 |
|a Corporations
|x Communication systems.
|
| 650 |
|
0 |
|a Corporations
|x Public relations.
|
| 655 |
|
4 |
|a Electronic books.
|
| 710 |
2 |
|
|a ProQuest (Firm)
|
| 856 |
4 |
0 |
|u https://ebookcentral.proquest.com/lib/matrademy/detail.action?docID=957110
|z Click to View
|